000 00579nam a22002177a 4500
001 00075
003 DO-SdBNP
005 20180219104820.0
007 00075
008 151117b sp 19uu xxu||||| |||| 00| 0 spa d
040 _aBPMSU
_bspa
_cBPMSU
100 1 _aGarcía Márquez, Gabriel
245 1 3 _aEl coronel no tiene quién le escriba /
_cGabriel García Márquez.
260 _aBarcelona :
_bOrbis,
_c1982.
300 _a105 p. ;
_c20 cm.
490 1 _aÍndice
830 0 _aÍndice
942 _2ddc
_cBK
945 _aInventariado, 2018 /LP
956 _aBrenda Tavárez
_b10
999 _c9171
_d9171